Getting to plan B breaking through to a better business model
Gespeichert in:
| 1. Verfasser: | |
|---|---|
| Weitere Verfasser: | |
| Format: | Buch |
| Sprache: | Englisch |
| Veröffentlicht: |
Boston
Harvard Business Press
2009
|
| Schlagworte: | |
| Tags: |
Keine Tags, Fügen Sie das erste Tag hinzu!
|
MARC
| LEADER | 00000nam$a2200000$$$4500 | ||
|---|---|---|---|
| 001 | 0104469 | ||
| 005 | 20230220124515.2 | ||
| 020 | |a 978-1-4221-2669-1 | ||
| 041 | 0 | |a eng | |
| 044 | |a US | ||
| 245 | 1 | 0 | |a Getting to plan B |b breaking through to a better business model |c John Mullins, Randy Komisar |
| 264 | 1 | |a Boston |b Harvard Business Press |c 2009 | |
| 300 | |a 249 s. | ||
| 610 | 2 | 0 | |a plánovanie podnikové |
| 610 | 2 | 0 | |a podnikanie |
| 610 | 2 | 0 | |a modely |
| 610 | 2 | 0 | |a ciele podnikové |
| 610 | 2 | 0 | |a riadenie podnikové |
| 610 | 2 | 0 | |a stratégia podniková |
| 100 | 1 | |a Mullins, John Walker | |
| 700 | 1 | |a Komisar, Randy | |